| 000 | 01140nam a22002537a 4500 | ||
|---|---|---|---|
| 005 | 20140813113407.0 | ||
| 008 | 080922t xxu||||| |||| 00| f hin d | ||
| 010 | _aHIN-84143 G-002614 | ||
| 020 |
_a9788188286485 _c200.00 |
||
| 035 | _aHN-56489 | ||
| 035 | _aG-002614 | ||
| 037 | _bDBAD / PUB | ||
| 040 |
_aDPL _bHN |
||
| 082 | _aउ | ||
| 100 |
_aचट्टोपाघ्याय, बंकिमचन्द्र _b1838- |
||
| 245 |
_aदेवी चौधरानी / _cबंकिमचन्द्र चट्टोपाघ्याय, |
||
| 246 |
_aDevi Chaudharaani _bby Bankimchandra Chattopadhyay |
||
| 260 |
_aदिल्ली _bनार्थ इण्डिया पब्लिशर्स _c2008 |
||
| 270 |
_aफेस ई1/265, गली नं.-17, सोनिया विहार _bदिल्ली _e110094 |
||
| 300 |
_a144पृ. _c22सेमी (सजिल्द ) |
||
| 650 |
_aबँगला कथा साहित्य _xहिन्दी में अनुवाद |
||
| 650 |
_aBangla fiction _xTranslations into Hindi |
||
| 942 |
_2ddc _cHN _hउ _mचट्टोपा |
||
| 999 |
_c15527 _d15527 |
||